| 000 | 00408nam a2200145Ia 4500 | ||
|---|---|---|---|
| 008 | 230312s9999||||xx |||||||||||||| ||und|| | ||
| 020 | _a1-55798-790-4 | ||
| 082 |
_a808.0661 _bPUB |
||
| 245 | 0 | _aPublication Manual of American Psychological Association | |
| 260 |
_bAmerican Psychological Association _aUSA _c1 |
||
| 300 | _a439 | ||
| 546 | _aEng. | ||
| 650 |
_aPhysiotherapy _vPublication Manual |
||
| 942 | _cBK | ||
| 999 |
_c9091 _d9091 |
||